Les sports nautiques - Statistiques

Statistiques générales
  • Ce quiz a été pris 27 fois
  • Le résultat moyen est 8 sur 53
Statistiques - réponses
NAUTISME INITIALE SPORTS % Correct
A Aviron
92%
C-K Canoë-Kayak
56%
NS Natation synchronisé
52%
W-P Water-polo
52%
N Natation
48%
P Plongeon
44%
S Surf
36%
A Apnée
28%
PSM Plongée sous-marine
28%
V Voile
28%
K Kitesurf
24%
N Nage
24%
PAV Planche à Voile
24%
SN Ski nautique
20%
W Wakeboard
20%
H Hockey
16%
R Rafting
16%
B Barefoot
12%
NAP Nage avec palmes
12%
B Bodyboard
8%
CSM Chasse sous-marine
8%
F Flyboard
8%
H Hockey
8%
L-C Longe-Côte
8%
SN Ski nautique
8%
SUP Stand Up Paddle
8%
T Triathlon
8%
WF Wing foil
8%
A Aquaball
4%
A Aquathlon
4%
BDS Barque de sauvetage
4%
B-D Bateau-Dragon
4%
C Canyonisme
4%
JN Joutes nautiques
4%
K Kneeboard
4%
L Lutte
4%
M Motomarine
4%
M Motonautisme
4%
PS Pêche sportive
4%
PL Plongée libre
4%
RP Rame provençale
4%
S Skimboard
4%
W Wakeskate
4%
W Wakesurf
4%
W-S Wave-ski
4%
C C-K
0%
NEEV Nage en eau c
0%
PISCINE OU MIXTE INITIALE SPORTS
0%
EAU LIBRE INITIALE SPORTS
0%
EAU VIVRE INITIALES SPORTS
0%
SUBAQUATIQUES INITIALES SPORTS
0%
DIVERS INITIALES SPORTS
0%
S Swimrum
0%
Aucun quiz correspondant
Distribution des résultats
% des personnes avec chaque résultat
Percentile par nombre de réponses
Votre historique - résultats
Vous n’avez pas pris ce quiz